000 00426ntaaa2200169 4500
003 01
005 20251027201602.0
008 0714s1973 ag 01
040 _aAR-BaBN
_bspa
_cAR-BaBN
_eaacr
_dRIC
082 _a230.0000 N55
100 _aNieto, Luis
_914486
245 _aVerdad desconocida y denigrada
250 _a1 ed. :
_bJunta Bautista de Publicaciones,
_cn.f.
300 _a32 p.
650 _aTeologĂ­a
942 _cBK
999 _c10451
_d10451